Central Library OPAC University of Rajshahi

The economics of under-developed countries / (Record no. 36018)

MARC details
000 -LEADER
fixed length control field 00892nam a22002771 4500
001 - CONTROL NUMBER
control field 36018
003 - CONTROL NUMBER IDENTIFIER
rucl marc code BD-RjUL
005 - DATE AND TIME OF LATEST TRANSACTION
control field 20211209052423.0
008 - FIXED-LENGTH DATA ELEMENTS--GENERAL INFORMATION
fixed length control field 140615r19601957ilu b 000 0 eng d
035 ## - SYSTEM CONTROL NUMBER
System control number (BD-RjUL)36115
System control number (OCoLC)231549
040 ## - CATALOGING SOURCE
Original cataloging agency DLC
Transcribing agency ODaWU
Modifying agency OCoLC
-- DLC
-- BD-RjUL
Language of cataloging eng
041 ## - LANGUAGE CODE
Language code of text/sound track or separate title eng
082 00 - DEWEY DECIMAL CLASSIFICATION NUMBER
Classification number 338.91
Author mark and year BAE 1960
100 1# - MAIN ENTRY--PERSONAL NAME
Personal name Bauer, P. T.
Fuller form of name (Péter Tamás)
9 (RLIN) 12887
245 14 - TITLE STATEMENT
Title The economics of under-developed countries /
Statement of responsibility, etc. by Peter T. Bauer and Basil S. Yamey.
260 ## - PUBLICATION, DISTRIBUTION, ETC. (IMPRINT)
Place of publication, distribution, etc. Chicago :
Name of publisher, distributor, etc. University of Chicago Press ,
Date of publication, distribution, etc. 1957 [rep.1960]
300 ## - PHYSICAL DESCRIPTION
Pagination 271 p. ;
Size 20 cm.
490 0# - SERIES STATEMENT
Series statement The Cambridge economic handbooks
504 ## - BIBLIOGRAPHY, ETC. NOTE
Bibliography, etc Bibliographical footnotes.
650 #0 - SUBJECT ADDED ENTRY--TOPICAL TERM
Topical term or geographic name as entry element Economic development.
9 (RLIN) 109660
651 #0 - SUBJECT ADDED ENTRY--GEOGRAPHIC NAME
Geographic name Developing countries.
9 (RLIN) 109661
700 1# - ADDED ENTRY--PERSONAL NAME
Personal name Yamey, Basil S.
Relator term joint author.
942 ## - ADDED ENTRY ELEMENTS (KOHA)
Source of classification or shelving scheme Dewey Decimal Classification
Koha item type Books
Holdings
Lost status Source of classification or shelving scheme Damaged status Not for loan Collection code Permanent Location Current Location Shelving location Date acquired Source of acquisition Cost, normal purchase price Total Checkouts Full call number Date last seen Copy number Koha item type
  Dewey Decimal Classification     Non-fiction Central Library, University of Rajshahi Central Library, University of Rajshahi   05/12/1961 Mitalli Prokashoni 0.00   338.91 BAE 1957 15/06/2014 C-7 Books
  Dewey Decimal Classification     Non-fiction Central Library, University of Rajshahi Central Library, University of Rajshahi   16/03/1963 Zeitlinger 10.60   338.91 BAE 1960 18/06/2016 C-2 Books
  Dewey Decimal Classification     Non-fiction Central Library, University of Rajshahi Central Library, University of Rajshahi   10/03/1963 Zeitlinger 10.60   338.91 BAE 1960 18/06/2016 C-3 Books
  Dewey Decimal Classification     Non-fiction Central Library, University of Rajshahi Central Library, University of Rajshahi   05/03/1958 Pak American Commu. 7.14   338.91 BAE 1960 18/06/2016 C-4 Books